000 01236nab a2200253 i 4500
001 170000
003 ES-MaACL
005 20250809013429.0
008 090113s1863 sp 000 0 spa
080 _a339.5.012.435(460)"18"
080 _a339.5.012.42(460)"18"
100 1 _aCanalejas, Francisco de Paula,
_d1834-1883
_934381
245 1 0 _aPrincipios filosóficos en que se funda el sistema de la libertad de comercio /
_cpor Francisco de Paula Canalejas.
610 2 4 _aAteneo de Madrid-
_vConferencias-
_yS.XIX.
_91910
610 2 4 _aAteneo de Madrid-
_vObras digitalizadas.
_91930
650 4 _aLibre cambio-
_zEspaña-
_yS.XIX
_914422
650 4 _aProteccionismo-
_zEspaña-
_yS.XIX.
_9227029
710 _a
_9241670
773 0 _t Conferencias libre-cambistas : discursos pronunciados en el Ateneo Científico y Literario de Madrid, por varios individuos de la Asociación para la Reforma de los Aranceles de Aduanas, en el curso de 1862 a 1863,
_dMadrid, 1863 (Imp. de Manuel Galiano),
_gp.19-37
_0169998
_9176671
_w169998
856 4 _uhttp://www.ateneodemadrid.net/biblioteca_digital/folletos/Folletos-0074.pdf
_zVer documento
942 _cANAM
_2udc
999 _c170000
_d170000